Регионална библиотека "Любен Каравелов" - Русе

Coriolan (Запис номер 299418)

MARC детайли
000 -Лидер
Контролно поле с фиксирана дължина ncm a22 a 4500
003 - Код на организацията, давaща контролен номер
Контролно поле BLK
005 - Дата и час на последна редакция
Контролно поле 20200404071949.0
008 - Елементи от данни с фиксирана дължина
fixed length control field 180414b bul |a|er|||| |0| c|bulo|
010 ## - Наследен системен номер
LC control number NOT00000988000
040 ## - Източник на каталожния запис
Идентификатор на билиотеката - собственик на записа BLK
041 ## - Код за език
Код за езика на текст/звукозапис или на отделно заглавие Немски
Код за езика КДБФ Немски
080 ## - УДК
Текстов определител УДК Увертюри, прелюдии - самостоятелни произведения
УДК код - определител по УДК 785.11.083.22
УДК - код + определител 785.11.083.22
100 1# - Редна дума - Автор
Автор Бетовен, Лудвиг ван
Авторска отговорност първи автор
R(LIN) 38790
139 ## - Редно поле
Редна дума Бетовен, Лудвиг ван
Авторски знак Бет - Б 42
245 10 - Сведения за заглавието
Заглавие Coriolan
Подзаглавни данни Ouverture zum Trauerspiel Coriolan von Henrich Joseph v. Collin
Редно поле (дума) Лудвиг ван Бетовен; rev. Max Unger; * Ludwig van Beethoven.
Версия Op.62
246 11 - Различни форми на заглавието
Паралелно заглавие Увертюра Кориолан
254 ## - Сведения за формата на нотното издание
Формат на описваните ноти Партитура
257 ## - Страна на издаване
Страна на създаване/издаване Германия
260 ## - Област на издателските данни
Име на издателя, разпространителя и проч. Peters
Година на издаване S. a.
Място на издаване, разпространение и проч. Leipzig
300 ## - Физическа характеристика
Страници 38 с.
Размери/Мащаб 19 см
380 ## - Жанр
Жанр Изкуство
650 #4 - Допълнително описание по предмет – тема
Основно описание – тема или топоним Увертюри
9 (RLIN) 174542
653 ## - Ключова дума – ненормативна
Ключова дума увертюри
700 1# - Други автори (авторска отговорност)
Лично име Unger, Max
Автороска отговорност (Описва отношението между автора и произведението) rev.
9 (RLIN) 361942
700 1# - Други автори (авторска отговорност)
Лично име Beethoven, Ludwig van
Автороска отговорност (Описва отношението между автора и произведението) *
9 (RLIN) 4813
852 ## - Местоположение
Форматна сигнатура ЦБ М 672
Част 0
856 4# - Електронен адрес и достъп
Електронен формат pdf - файл
Път до файла /url/
856 4# - Електронен адрес и достъп
Електронен формат pdf - файл
Път до файла /url/
999 ## - СИСТЕМНИ КОНТРОЛНИ НОМЕРА
Koha biblionumber 299418
Koha biblioitemnumber 299418
942 ## - АРТИКУЛИ
Вид на библиотечния материал Нотни издания
Скрит в OPAC Не
Периодичен библиозапис Да
944 ## - СЪЗДАВАНЕ И РЕДАКЦИЯ на ЗАПИСА
Създаване/Редакция Създаване
Дата на регистрацията/редакция 15.06.2005
Служител, извършил регистрацията/редакцията Ирена_Линкова
944 ## - СЪЗДАВАНЕ И РЕДАКЦИЯ на ЗАПИСА
Създаване/Редакция Редакция
Дата на регистрацията/редакция 20.04.2017
Служител, извършил регистрацията/редакцията Ирена_Линкова
944 ## - СЪЗДАВАНЕ И РЕДАКЦИЯ на ЗАПИСА
Създаване/Редакция Редакция
Дата на регистрацията/редакция 2020-04-04
Служител, извършил регистрацията/редакцията Ренета Константинова
999 ## - СИСТЕМНИ КОНТРОЛНИ НОМЕРА
Koha biblioitemnumber 299418
Наличности
Код за отписване Код за изгубен артикул Източник на класификационната схема Код за повреда Коз за рестрикции Код за отдаване Артикулен № Име на библиотеката - собственик Име на библиотеката, в която се намира в момента Статус (Текущо местоположение) Дата на вписване в системата Местоположение - отдел Цена в лева Инвентарен номер Систематично азбучна сигнатура Баркод Номер на екземпляра Цена в евро Служебна бележка Служебен тип на артикула
  Не е изгубен Universal Decimal Classification Не е повреден без рестрикции ползва се в читалня 650541 Регионална библиотека "Любен Каравелов" Русе Регионална библиотека "Любен Каравелов" Русе Хранилище 1989-01-01 Хранилище 1.61 669/89 Цб М 672 900000002988 1 0.82 Дост: Pk Вид: Ф N: стар фонд Дата: 01.01.1989 Нотни издания
  Не е изгубен Universal Decimal Classification Не е повреден без рестрикции ползва се в читалня 650542 Регионална библиотека "Любен Каравелов" Русе Регионална библиотека "Любен Каравелов" Русе Хранилище 2001-01-01 Хранилище 0.01 2642/01 Цб М 672 900000002989 2 0.01 Дост: Ak Вид: А N: стар фонд Дата: 01.01.2001 Нотни издания
  Не е изгубен Universal Decimal Classification Не е повреден без рестрикции заемане за дома 650543 Регионална библиотека "Любен Каравелов" Русе Регионална библиотека "Любен Каравелов" Русе Отдел Изкуство - подръчен фонд 1963-01-01 Отдел Изкуство - подръчен фонд 0.30 4913/63 785.1/Б 42 Л 900000001954 3 0.15 Дост: Pk Вид: Ф N: стар фонд Дата: 01.01.1963 Нотни издания
  Не е изгубен Universal Decimal Classification Не е повреден без рестрикции заемане за дома 650544 Регионална библиотека "Любен Каравелов" Русе Регионална библиотека "Любен Каравелов" Русе Отдел Изкуство - подръчен фонд 1988-01-01 Отдел Изкуство - подръчен фонд 0.00 667/88 785.1/Б 42 Л 900000001955 4 0.00 Дост: Pk Вид: Ф N: стар фонд Дата: 01.01.1988 Нотни издания
  Не е изгубен Universal Decimal Classification Не е повреден без рестрикции заемане за дома 650545 Регионална библиотека "Любен Каравелов" Русе Регионална библиотека "Любен Каравелов" Русе Отдел Изкуство - подръчен фонд 2006-11-27 Отдел Изкуство - подръчен фонд 1.61 170000003379 785.1/Б 42 Л 170000003379 5 0.82 Дост: DA Вид: А N: 19 Дата: 27.11.2006 Нотни издания
  Не е изгубен Universal Decimal Classification Не е повреден без рестрикции заемане за дома 650546 Регионална библиотека "Любен Каравелов" Русе Регионална библиотека "Любен Каравелов" Русе Отдел Изкуство - подръчен фонд 2017-03-31 Отдел Изкуство - подръчен фонд 12.00 170000004253 785.1/Б 42 Л 170000004253 6 6.14 Дост: DA Вид: А N: 16 Дата: 31.03.2017 Бележки инв: Пенка_Дими Съставил: Пенка_Димитрова Нотни издания
Vip Innovations Ltd, Rousse, Bulgaria 2025